LEADER 00904nam a2200205 i 4500 001 000000178721 003 CaOOAMICUS 005 20090616000000.0 008 090616s1979 it u000 u ita u 013 $a156295 040 $aSeMil$bita 245 10$aFormule catechistiche :$bsussidio didattico per l'insegnamento della dottrina cristiana. 260 $aPessano con Bornago (MI) :$bMimep-Docete,$ccopyr. 1979. 300 $a208 p. ;$c15 cm. 650 4$aDottrina cristiana - Insegnamento.$0(OLS)http://semarc/subject/3496 850 $aSeMil 852 $aSeMil$W1$xVenegono$y1$m2C I 573$j129492$B129492$CSeMilBibl$Z2$F142354 $81 961 $aOmaggio: Giuliani don Angelo 996 $6245$aFormule catechistiche :$bsussidio didattico per l'insegnamento della dottrina cristiana$9(OLS)http://semarc/title/256698 996 $6260$aPessano con Bornago (MI) :$bMimep-Docete$9(OLS)http://semarc/publisher/30068 LEADER 00873nam a2200217 i 4500 001 000000185215 003 CaOOAMICUS 005 20100129000000.0 008 100129s1963 sp u000 u spa u 013 $a163211 040 $aSeMil$bita 100 1 $aRoyo Marin, Antonio,$c.$0(OLS)http://semarc/name/10213 245 10$aDios y su obra /$cPor Antonio Royo Marin. 260 $aMadrid :$bBiblioteca de autores cristianos,$c1963. 300 $aXII, 659 p. ;$c20 cm. 490 0 $aBiblioteca de autores cristianos 830 0$aBiblioteca de autores cristianos.$0(OLS)http://semarc/title/428 850 $aSeMil 852 $aSeMil$W1$xVenegono$y1$m2S V 229$j135906$B135906$CSeMilBibl$Z2$F147469 $81 996 $6245$aDios y su obra$9(OLS)http://semarc/title/266083 996 $6260$aMadrid :$bBiblioteca de autores cristianos$9(OLS)http://semarc/publisher/29784